| 000 | 01067nam0a2200301 4500 | ||
|---|---|---|---|
| 001 | RU\NLR\bibl\148822 | ||
| 005 | 20250618050657.0 | ||
| 010 |
_a5-295-02066-5 _912000 |
||
| 035 | _a(NLR Aleph) 000145858 | ||
| 090 |
_a835995 _c835995 |
||
| 100 | _a20010413d1997 |||y0rusy50 ca | ||
| 101 | 0 | _arus | |
| 102 | _aRU | ||
| 105 | _ay ||||||||| | ||
| 200 | 1 |
_aДидактический материал по русскому языку для V класса башкирской школы _eПособие для учителя _f[Р.В. Альмухаметов и др.] |
|
| 205 | _a2-е изд., с изм. | ||
| 210 |
_aУфа _cКитап _d1997 |
||
| 215 |
_a150,[1] с. _d21 |
||
| 606 | 0 |
_aРусский язык _jУчебные издания _91533567 _3RU\NLR\auth\66969347 |
|
| 686 | _aШ141.12-93баш21[5] | ||
| 702 | 1 |
_aАльмухаметов _bР. В. _4220 |
|
| 801 | 0 |
_aRU _bNLR _c20010413 _gPSBO |
|
| 801 | 1 |
_aRU _bNLR _c20010413 |
|
| 852 |
_aNLR _j2000-5/2554 |
||
| 942 | _cBOOK | ||
| 980 | _aNB | ||